Biblioteca

Evangelio y responsabilidad social (Registro nro. 69994)

Detalles MARC
000 -LÍDER
Campo fijo de descripción fija 01281nab a2200229 i 4500
001 - NÚMERO DE CONTROL
Campo de control 768714001
003 - IDENTIFICADOR DEL NÚMERO DE CONTROL
Campo de control CO-MdFUSB
005 - FECHA Y HORA DE LA ULTIMA TRANSACCIÓN
control field 20240530110430.0
008 - ELEMENTOS DE LONGITUD FIJA -- INFORMACIÓN GENERAL
Campo fijo de descripción fija -- Información general 240530t1972 ag ||||| |||| 00| 0 spa d
040 ## - FUENTE DE CATALOGACIÓN
Idioma de catalogación spa
Agencia que realiza la transcripción CO-MdFUSB
Agencia que realiza la modificación CO-MdFUSB
041 ## - CÓDIGO DE IDIOMA
Código de idioma para texto/pista de sonido o título separado spa
100 1# - ASIENTO PRINCIPAL--NOMBRE PERSONAL
Nombre personal Padilla, C. René
Fechas asociadas con el nombre 1932-
Término relacionador autor
245 ## - TÍTULO
Título Evangelio y responsabilidad social
Mención de responsabilidad / C. René Padilla
520 ## - NOTA DE RESUMEN, ETC.
Nota de sumario, etc. René Padilla afirma que la acción de Dios en Cristo Jesús es el primer paso para comprender el papel que desempeñan los cristianos. La manifestación directa de la expresión del evangelio es lo que impulsa una ética cristiana. Lo que hacemos es sólo una respuesta a lo que Dios ha hecho. "Amamos porque Dios nos amó primero.<br/>La correlación clara entre el comportamiento cristiano y el evangelio, particularmente en términos de ética social, no siempre es evidente.
650 #7 - ASIENTO SECUNDARIO DE MATERIA - TERMINO TEMÁTICO
Término temático o nombre geográfico como elemento de entrada Justicia social
Subdivisión general Aspectos religiosos
-- Cristianismo
9 (RLIN) 6929
650 #0 - ASIENTO SECUNDARIO DE MATERIA - TERMINO TEMÁTICO
Término temático o nombre geográfico como elemento de entrada Iglesia y problemas sociales
9 (RLIN) 1177
650 #0 - ASIENTO SECUNDARIO DE MATERIA - TERMINO TEMÁTICO
Término temático o nombre geográfico como elemento de entrada Evangelización
9 (RLIN) 362
650 #7 - ASIENTO SECUNDARIO DE MATERIA - TERMINO TEMÁTICO
Término temático o nombre geográfico como elemento de entrada Fe
9 (RLIN) 531
773 0# - ASIENTO DE ITEM FUENTE
Biblionumber 69974
Itemnumber 82716
Lugar, editorial y fecha de publicación Buenos Aires
Otro identificador del ítem R2608
Título Certeza
Número de control del registro (CO-MdFUSB)768714001
Parte(s) relacionada(s) / Volumen., número. (mes año), páginas Número 52, (octubre - diciembre, 1973) páginas: 108 - 113
Enumeración y primera página página: 108
942 ## - TIPO DE MATERIAL (KOHA)
Tipo de Item KOHA Artículos de Revista
945 ## - INFORMACIÓN LOCAL DEL REGISTRO
Catalogador Catherine Arias Álvarez - Practicante SENA

No hay ítems disponibles.

Biblioteca FUSBC | Teléfono: (57+4) 349 88 10 Ext. 141| WhatsApp (+57) 3005338115 
E-mail: biblioteca@unisbc.edu.co | Calle 76 87-14 Robledo Palenque, Medellín, Colombia

Con tecnología Koha